000 01001cam a22002651i 4500
003 SA-RiAUC
005 20250602095633.0
008 250425s1985 su g 001 0 ara c
040 _aKW-ShULA
_bara
_cSA-RiAUC
_erda
082 0 4 _a330.121
_qSA-RiAUC
090 _a330.121
_b ع و ض
100 1 _aالعوضي، رفعت السيد،
_d1938-
_eمؤلف.
245 1 0 _aمن التراث الاقتصادي للمسلمين /
_cرفعت السيد العوضي.
264 1 _aمكة المكرمة :
_bمكتبة الثقافة،
_c1985
300 _a252 صفحة ؛
_c17 سم.
336 _aنص
_btxt
_2rdacontent
_3كتاب
337 _aبدون وسيط
_bn
_2rdamedia
338 _aمجلد
_bnc
_2rdacarrier
490 0 _aدعوة الحق ؛
_v40
500 _aيشتمل على كشافات.
500 _aاهداء من المؤلف رفعت العوضي
650 7 _aالاقتصاد الإسلامي
_2aucsh
942 _2ddc
_cBOOK
_n0
949 _aSA-JeALM
_d250425
_umohamedma123
_n1
999 _c7347
_d7347